000 00560nam a22001937a 4500
003 OSt
005 20240313133356.0
008 200003b ||||| |||| 00| 0 eng d
040 _aDO-SdBNP
_bspa
_cBNPHU
082 _axxx
_bP438c
100 1 0 _aPèrez Mèndez, Artagnan,
_d1929-2017
_977104
245 1 0 _aCodigo penal dominicano anotado /
_cArtagnan Pèrez Mèndez
250 _a5 a. ed.
260 _aSanto Domingo :
_bTaller,
_c2000
300 _a785 p.
_c22 cm
590 _aInventariado, 2020 / DG
910 _aInventariado, 2020 / DG
942 _2ddc
_cLBS1
999 _c49018
_d49018